| 000 | 01958cam a22003854i 4500 | ||
|---|---|---|---|
| 003 | PE-LiUPU | ||
| 005 | 20250731173202.0 | ||
| 008 | 150625s r 000 0 d | ||
| 035 | _a(Sirsi) a30328 | ||
| 040 |
_aPE-LiUPU _bspa _cPE-LiUPU _erda |
||
| 082 | 0 | 4 |
_a210.18985 _bC26 _221 |
| 100 | 1 |
_aCarrión Cachot de Girard, Rebeca, _eautor. |
|
| 245 | 1 | 3 | _aLa Religión en el Antiguo Perú. |
| 264 | 1 |
_aLima : _bTipografia Peruana, _c1959. |
|
| 336 |
_atext _2rdacontent |
||
| 337 |
_aunmediated _2rdamedia |
||
| 338 |
_avolume _2rdacarrier |
||
| 505 | 0 | _aCulto al sol y a la luna. representaciones de la pareja divina y el fenomeno de fertilizacion de la tierra. -Culto a la serpiente, simbolo de la tempestad y del rayo, o deidad suprema. Los sacrificios de llamas. Los agentes zoomorfos. -El Dios de la fertilidad. -El Dios solar o Dios del maiz. -. -La pareja solar-luna protectora del maiz. -El Dios del maiz en la iconografia casma, chimu y muchik. -La diosa luna o diosa tierra, La pareja Solar-Lunar protectora de otras plantas (mani, algarrobo). -agentes sacrificadores de los sacrificadores de los Dioses. -Sacrificios realizados en por una trilogia de aves miticas. -Los Dioses agrigolas y las cosechas. -Concepciones religiosas registradas en el arte textil de Supe y Ancon. -Conclusiones generales. | |
| 526 | _aSEG42 | ||
| 526 | _aSEG41 | ||
| 526 | _aSEG40 | ||
| 526 | _aSEG39 | ||
| 526 | _aP94 | ||
| 526 | _aP87 | ||
| 526 | _aP86 | ||
| 526 | _aP85 | ||
| 526 | _aP77 | ||
| 526 | _aP76 | ||
| 526 | _aP35 | ||
| 942 |
_2ddc _cBOOK |
||
| 949 |
_a210.18985 C26 _wDEWEY _c1 _i36476 _lCCODEBUL1 _mBUL _p00.00 _r0 _sY _tBOOK _u2015-06-25 _xBIBLIOTECA _zUNKNOWN _0COMPRA _o.STAFF. Colección General |
||
| 596 | _a1 | ||
| 999 |
_a210.18985 C26 _wDEWEY _c37772 _i36476 _f2021-11-11 _g5 _lCCODEBUL1 _mBUL _r0 _sY _tBOOK _u2015-6-25 _xTEOLOGIA _zUNKNOWN _0COMPRA _o.STAFF. Colección General _d37772 |
||
| 980 |
_81 _gALBERTO SANCHEZ Responsable de Automatización |
||